| 000 | 00591nam a2200241Ia 4500 | ||
|---|---|---|---|
| 003 | OSt | ||
| 005 | 20230525142742.0 | ||
| 008 | 210423s2003 xx 000 0 und d | ||
| 040 | _cAL | ||
| 041 | _aeng | ||
| 082 |
_a305.5 _223 _bBISP |
||
| 100 |
_aBISHOYI (Kendarnath) _9113823 |
||
| 245 | _aPlight of child labour | ||
| 250 | _a1 | ||
| 260 |
_aNew Delhi _bDiscovery Publishing House _c2003 |
||
| 300 | _avi,32 | ||
| 365 |
_b300 _cINR |
||
| 440 | _v1 | ||
| 650 |
_aSocial Classes _9113824 |
||
| 650 |
_aSociology _9113825 |
||
| 906 | _achild ; labour ; Plight | ||
| 942 |
_2ddc _cBK |
||
| 999 |
_c173193 _d173193 |
||